| 000 | 00728nam a2200181 i 4500 | ||
|---|---|---|---|
| 001 | 130254 | ||
| 003 | ES-MaACL | ||
| 005 | 20230906193702.0 | ||
| 007 | t| | ||
| 008 | 070724s1950 ag ||||1| spa d | ||
| 100 | 1 |
_aZabel, Morton Dawen. _9117808 |
|
| 245 | 1 | 0 |
_aHistoria de la literatura norteamericana, desde los orígenes hasta el día _b: sus maestros, tradiciones y problemas / _cMorton Dawen Zabel ; [traducido del manuscrito original por Luis Echevarri]. |
| 260 |
_aBuenos Aires : _bLosada, _c[1950] ( _fBartolomé U. Chiesino) |
||
| 300 |
_a667 p. : _bil. ; _c24 cm. |
||
| 650 | 4 |
_aLiteratura norteamericana- _xHistoria y crítica. _914643 |
|
| 700 | 1 |
_aEchevarri, Luis. _946534 |
|
| 852 |
_aES-MaACL _jD-6759 _bR.31810 |
||
| 999 |
_c130254 _d130254 |
||